PTheSperds favorite ten nations to win World Cup 2022 Qatar - Statistics

General Stats
  • This quiz has been taken 17 times
  • The average score is 7 of 10
Answer Stats
Hint Answer % Correct
South America Argentina
94%
South America Brazil
94%
Europe Germany
94%
Europe Portugal
81%
Europe Spain
81%
Africa Senegal
69%
Europe Belgium
63%
Europe Denmark
44%
South Africa Uruguay
38%
Europe Poland
31%
No matching quizzes found
Score Distribution
Percent of People with Each Score
Percentile by Number Answered
Your Score History
You have not taken this quiz